| 000 | 00344nam a22001577a 4500 | ||
|---|---|---|---|
| 003 | SGT | ||
| 020 | _a978-81-219-3515-9 | ||
| 082 |
_a615.19 _bA17B |
||
| 100 | _aBAHL.ARUN | ||
| 245 | _aADVANCE ORGANIC CHEMISTRY | ||
| 260 |
_aNEW DELHI _bS.CHAND _c2017 |
||
| 300 | _a1504 | ||
| 650 | _aPHARMACY | ||
| 653 | _aCHEMISTRY | ||
| 942 |
_2ddc _cBK _0169 |
||
| 999 |
_c13631 _d13631 |
||